Emerging markets (Record no. 76791)

MARC details
000 -LEADER
fixed length control field 00974cab a2200205 4500
001 - CONTROL NUMBER
control field ##L133079
008 - FIXED-LENGTH DATA ELEMENTS--GENERAL INFORMATION
fixed length control field 060410n2006 000 0 eng u
035 ## - SYSTEM CONTROL NUMBER
System control number (Sirsi) u133079
041 0# - LANGUAGE CODE
Language code of text/sound track or separate title eng
245 00 - TITLE STATEMENT
Title Emerging markets
260 ## - PUBLICATION, DISTRIBUTION, ETC.
Date of publication, distribution, etc. 2006
490 #0 - SERIES STATEMENT
Series statement EuroProperty
Volume/sequential designation April 2006, 39-48(7)
520 ## - SUMMARY, ETC.
Summary, etc. Reviews the emerging markets of Russia, Turkey and Ukraine which are beginning to attract the attention of European property investors. While many investors talk about entering Russia only a few developers have taken the risk. Although the Russian retail market is soaring the Russians are not selling. The change in economic and political outlook is stirring investors' interest in Turkey. Political instability and undersupply however are hindering investors seeking a foothold in Ukraine. Tables.
590 ## - LOCAL NOTE (RLIN)
Local note IKA110406
650 24 - SUBJECT ADDED ENTRY--TOPICAL TERM
Topical term or geographic name entry element RUSSIA
650 24 - SUBJECT ADDED ENTRY--TOPICAL TERM
Topical term or geographic name entry element UKRAINE
650 24 - SUBJECT ADDED ENTRY--TOPICAL TERM
Topical term or geographic name entry element TURKEY
690 ## - LOCAL SUBJECT ADDED ENTRY--TOPICAL TERM (OCLC, RLIN)
Topical term or geographic name as entry element PROPERTY-PROPERTY FINANCE AND INVESTMENT
942 ## - ADDED ENTRY ELEMENTS (KOHA)
Suppress in OPAC 0
Holdings
Withdrawn status Lost status Source of classification or shelving scheme Damaged status Not for loan Home library Current library Shelving location Date acquired Total Checkouts Full call number Barcode Date last seen Copy number Price effective from Koha item type
    Dewey Decimal Classification     London London Journal article 10/04/2006   L133079 133079-1001 06/08/2019 1 06/08/2019 Journal article